Diseases and pests of ornamenntal plants (Record no. 28485)

MARC details
000 -LEADER
fixed length control field 00337nam a2200133Ia 4500
082 ## - DEWEY DECIMAL CLASSIFICATION NUMBER
Classification number 632.7:635.9
Item number PIR
100 ## - MAIN ENTRY--AUTHOR NAME
Personal name PIRONE, Pascal P
245 #0 - TITLE STATEMENT
Title Diseases and pests of ornamenntal plants
250 ## - EDITION STATEMENT
Edition statement Ed.5
260 ## - PUBLICATION, DISTRIBUTION, ETC. (IMPRINT)
Place of publication New York
Name of publisher Wiley
Year of publication 1978
650 ## - SUBJECT ADDED ENTRY--TOPICAL TERM
Topical Term Plant pests
942 ## - ADDED ENTRY ELEMENTS (KOHA)
Koha item type Books
Holdings
Withdrawn status Lost status Damaged status Not for loan Home library Current library Date acquired Full call number Accession Number Koha item type
        RRII Library RRII Library 16/12/2021 632.7:635.9 PIR 09085 Books